Národná banka Belgicka
História Národnej banky Belgicka. Vnútorná štruktúra. Menová politika. Banka v službách podnikateľskému sektoru a občanovi. Zavedenie hotovostného eura v Belgicku. Pripravenosť podnikovej sféry na zavedenie eura v Belgicku.
Na minha lista:
| Autor principal: | |
|---|---|
| Formato: | Capítulo de Livro |
| Idioma: | eslovaco |
| Assuntos: | |
| Tags: |
Sem tags, seja o primeiro a adicionar uma tag!
|
MARC
| LEADER | 00000naa a2200000 4500 | ||
|---|---|---|---|
| 001 | r043446 | ||
| 005 | 20220729103851.2 | ||
| 041 | 0 | |a slo | |
| 044 | |a SK | ||
| 245 | 1 | 0 | |a Národná banka Belgicka |c Jaroslava Poláčiková |
| 520 | |a História Národnej banky Belgicka. Vnútorná štruktúra. Menová politika. Banka v službách podnikateľskému sektoru a občanovi. Zavedenie hotovostného eura v Belgicku. Pripravenosť podnikovej sféry na zavedenie eura v Belgicku. | ||
| 610 | 2 | 0 | |a Národná banka Belgicka |
| 610 | 2 | 0 | |a banky centrálne |
| 610 | 2 | 0 | |a Belgicko |
| 610 | 2 | 0 | |a štruktúra organizačná |
| 610 | 2 | 0 | |a politika menová |
| 610 | 2 | 0 | |a služby bankové |
| 610 | 2 | 0 | |a euro |
| 100 | 1 | |a Poláčiková, Jaroslava | |